00660 a2200169 4500003000500000005001700005010001700022020002900039040000900068082001200077100002300089245008000112250001200192260004400204300001000248505023200258Nust20221125093356.0 a 2009923972 a9780495827818 (standard) cNust a530,ACR1 aSerway, Raymond A.10aPhysics for scientists and engineers / cRaymond A. Serway, John W. Jewett. a6th Ed. aBoston, MA :bCengage Wadsworth,c2009. a1283p aPart 1: Mechanics (Page-1), Part 2: Oscillations and Mechanical Waves (Page-451), Part 3: Thermodynamics (Page-579), Part 4: Electrify and Magnetism (Page-705), Part 5: Light and Optics (Page-1093), Modern Physics (Page-1243).